00664nam a2200205Ia 4500008004100000020001800041020001500059082001700074082002000091245004900111245004800160250003400208260001300242260001800255260000900273700002100282700002800303999001900331952010800350210417s9999 xx 000 0 und d a9781632412522 b1632412527 a616.9792 MOS b22.616.9792 MOS 0aHIV and AIDS: clinical research and advances 0cHIV and AIDS clinical research and advances b"vi, 374 p. : ill. ; 24 cm. " aNew York bHayle Medical c2015 a"Mostafa, Roger" bedited by Roger Mostafa c486141d486141 00102ddc4070aACLbACLc5Bd2021-04-17l0o616.9792 MOSp606153r2021-04-17 00:00:00w2021-04-17yBK